[Event "4. Open. Int. (tot.)"]
[Site "Padova  Fornace Carotta"]
[Date "2001.12.16"]
[Round "3.26"]
[White "Binder, Andrea"]
[Black "Nizzardo, Mattia"]
[Result "1-0"]
[WhiteElo "1600"]
[BlackElo "1500"]
[Annotator "Gabriele Ballarin"]
[PlyCount "107"]
[EventDate "2001.12.15"]
[EventType "swiss"]
[EventRounds "6"]
[EventCountry "ITA"]

1. Nf3 Nc6 2. c4 Nf6 3. g3 b6 4. Bg2 Bb7 5. b3 e6 6. Bb2 d5 7. O-O dxc4 8. bxc4 Be7 9. d3 O-O 10. Qa4 Nb8 11. Nc3 Nbd7 12. Rfd1 Re8 13. Ne4 Qc8 14. Nfd2 Bxe4 15. Nxe4 Nxe4 16. Bxe4 Nc5 17. Qc6 Nxe4 18. Qxe4 Qd7 19. a4 Bb4 20. d4 a5 21. e3 Rad8 22. Qg4 f6 23. Qe4 Qd6 24. Qc2 Qc6 25. Ba3 Bxa3 26. Rxa3 Rd7 27. Rad3 Red8 28. Qb3 h6 29. Qb5 Qxb5 30. cxb5 e5 31. d5 Kf7 32. e4 g6 33. f3 Rd6 34. Rc3 Rc8 35. Rdc1 Rd7 36. Rc6 Ke7 37. Rxb6 Ra8 38. Rbc6 Ra7 39. Ra6 Rb7 40. Rxa5 f5 41. Ra6 fxe4 42. fxe4 Rd6 43. Rcc6 h5 44. Rxd6 cxd6 45. Rc6 Kd7 46. b6 g5 47. a5 g4 48. a6 Rb8 49. a7 Ra8 50. Rc7+ Kd8 51. b7 Kxc7 52. bxa8=Q h4 53. Qc6+ Kd8 54. a8=Q+ 1-0

[Event "4. Open. Int. (tot.)"]
[Site "Padova  Fornace Carotta"]
[Date "2001.12.16"]
[Round "3.27"]
[White "Pietrobon, Mirco"]
[Black "Chinello, Gianmarco"]
[Result "0-1"]
[WhiteElo "1500"]
[BlackElo "1416"]
[Annotator "Gabriele Ballarin"]
[PlyCount "80"]
[EventDate "2001.12.15"]
[EventType "swiss"]
[EventRounds "6"]
[EventCountry "ITA"]

1. d4 Nf6 2. c4 e6 3. Nc3 d5 4. Nf3 Bd7 5. Bg5 Be7 6. e3 Nc6 7. cxd5 Nxd5 8. Bxe7 Qxe7 9. Qb3 Na5 10. Qc2 Rc8 11. Ne5 O-O 12. Bb5 Bxb5 13. Nxb5 a6 14. Qa4 Qb4+ 15. Qxb4 Nxb4 16. Nc3 Nc2+ 17. Ke2 Nxa1 18. Rxa1 f6 19. Nd7 Rfe8 20. Nc5 Rb8 21. Nd7 Ra8 22. Nc5 b6 23. N5e4 Nc4 24. Rb1 Nd6 25. Rc1 Nxe4 26. Nxe4 Rac8 27. f4 e5 28. dxe5 fxe5 29. fxe5 Rxe5 30. Nc3 Rce8 31. e4 b5 32. b4 c5 33. a3 cxb4 34. axb4 Ra8 35. Ra1 Ree8 36. Ke3 Rac8 37. Kd3 Red8+ 38. Nd5 Rd6 39. Kd4 Re6 40. Rxa6 Rc4+ 0-1

[Event "4. Open. Int. (tot.)"]
[Site "Padova  Fornace Carotta"]
[Date "2001.12.16"]
[Round "3.28"]
[White "Arras, Antonio"]
[Black "Muzhaqi, Halit"]
[Result "1-0"]
[WhiteElo "1458"]
[BlackElo "1530"]
[Annotator "Gabriele Ballarin"]
[PlyCount "39"]
[EventDate "2001.12.15"]
[EventType "swiss"]
[EventRounds "6"]
[EventCountry "ITA"]

1. e4 e5 2. Nf3 Nc6 3. Bb5 f5 4. exf5 d5 5. Nxe5 Qf6 6. O-O Bxf5 7. Nxc6 bxc6 8. Re1+ Kd7 9. Bf1 Bc5 10. Nc3 Bxc2 11. Qg4+ Bf5 12. Qf3 Ne7 13. Na4 Bd6 14. d3 Rhf8 15. Be3 Bxh2+ 16. Kxh2 Qh4+ 17. Kg1 Qxa4 18. Bc5 Rf7 19. Rxe7+ Rxe7 20. Qxf5+ 1-0

[Event "4. Open. Int. (tot.)"]
[Site "Padova  Fornace Carotta"]
[Date "2001.12.16"]
[Round "3.29"]
[White "Musiani, Carlo"]
[Black "Chinellato, Marco"]
[Result "1-0"]
[WhiteElo "1576"]
[BlackElo "1416"]
[Annotator "Gabriele Ballarin"]
[PlyCount "70"]
[EventDate "2001.12.15"]
[EventType "swiss"]
[EventRounds "6"]
[EventCountry "ITA"]

1. d4 Nf6 2. Nf3 g6 3. e3 Bg7 4. Bd3 d5 5. O-O O-O 6. Re1 c5 7. c3 Nc6 8. Nbd2 c4 9. Bc2 Be6 10. Qe2 a6 11. e4 b5 12. e5 Nd7 13. Ng5 b4 14. Nxe6 fxe6 15. Qg4 Rf5 16. Bxf5 exf5 17. Qh4 e6 18. Qxd8+ Rxd8 19. Nf3 h6 20. Bd2 Rb8 21. cxb4 Nxb4 22. Bxb4 Rxb4 23. Rab1 g5 24. h3 a5 25. b3 Nb6 26. bxc4 dxc4 27. a3 Rb3 28. Rxb3 cxb3 29. Nd2 a4 30. Rc1 Nd5 31. Nb1 Kf7 32. Rc4 Kg6 33. Rxa4 f4 34. Ra7 Bf8 35. Rb7 Kf5 1-0

[Event "4. Open. Int. (tot.)"]
[Site "Padova  Fornace Carotta"]
[Date "2001.12.16"]
[Round "3.30"]
[White "Frascati, Francesco"]
[Black "Grandesso, Emanuele"]
[Result "0-1"]
[WhiteElo "1576"]
[BlackElo "1500"]
[Annotator "Gabriele Ballarin"]
[PlyCount "40"]
[EventDate "2001.12.15"]
[EventType "swiss"]
[EventRounds "6"]
[EventCountry "ITA"]

1. e4 e5 2. Nf3 Nc6 3. Bc4 Bc5 4. Nc3 Nf6 5. d3 O-O 6. Bg5 d6 7. Nd5 Be6 8. Nxf6+ gxf6 9. Bh6 Re8 10. Nh4 f5 11. Nxf5 Bxf5 12. exf5 Qh4 13. Qd2 Bxf2+ 14. Qxf2 Qxh6 15. O-O Kh8 16. Bxf7 Rf8 17. Be6 Nd4 18. Qg3 Ne2+ 19. Kf2 Nxg3 20. hxg3 Qxe6 0-1

[Event "4. Open. Int. (tot.)"]
[Site "Padova  Fornace Carotta"]
[Date "2001.12.16"]
[Round "3.31"]
[White "Traversi, Carlo"]
[Black "Rizzo, Giuseppe"]
[Result "0-1"]
[WhiteElo "1561"]
[BlackElo "1500"]
[Annotator "Gabriele Ballarin"]
[PlyCount "38"]
[EventDate "2001.12.15"]
[EventType "swiss"]
[EventRounds "6"]
[EventCountry "ITA"]

1. e4 Nf6 2. e5 Nd5 3. c4 Nb6 4. d4 d6 5. Nf3 Bg4 6. exd6 exd6 7. Be2 Be7 8. O-O Nc6 9. b3 O-O 10. Bb2 Bf6 11. Nbd2 Ne7 12. Ne4 Ng6 13. Nxf6+ Qxf6 14. Rb1 Nf4 15. d5 Qg6 16. g3 Rfe8 17. h3 Nxe2+ 18. Kg2 Bxf3+ 19. Kxf3 Qe4# 0-1

[Event "4. Open. Int. (tot.)"]
[Site "Padova  Fornace Carotta"]
[Date "2001.12.16"]
[Round "3.32"]
[White "Varotto, Adriano"]
[Black "Fragni, Enrico"]
[Result "0-1"]
[WhiteElo "1500"]
[BlackElo "1528"]
[Annotator "Gabriele Ballarin"]
[PlyCount "39"]
[EventDate "2001.12.15"]
[EventType "swiss"]
[EventRounds "6"]
[EventCountry "ITA"]

1. e4 c6 2. Nc3 Qc7 3. Bc4 Nf6 4. d3 e5 5. Nf3 d6 6. Ng5 d5 7. exd5 cxd5 8. Bb5+ Nc6 9. O-O Bd6 10. Nf3 O-O 11. Bg5 Be6 12. Bxf6 gxf6 13. Re1 Nd4 14. Nxd4 exd4 15. Ne2 Bxh2+ 16. Kf1 Be5 17. Ng1 Kh8 18. Nf3 Bg4 19. g3 Bxf3 20. Qxf3 0-1

[Event "4. Open. Int. (tot.)"]
[Site "Padova  Fornace Carotta"]
[Date "2001.12.16"]
[Round "3.33"]
[White "De Nard, Stefano"]
[Black "Zaccheroni, Dario"]
[Result "0-1"]
[WhiteElo "1530"]
[BlackElo "1500"]
[Annotator "Gabriele Ballarin"]
[PlyCount "68"]
[EventDate "2001.12.15"]
[EventType "swiss"]
[EventRounds "6"]
[EventCountry "ITA"]

1. e4 c5 2. Nc3 Nc6 3. f4 e6 4. Bc4 Qh4+ 5. g3 Qd8 6. Nf3 Nge7 7. d3 a6 8. a4 d5 9. Bb3 d4 10. Ne2 f6 11. c3 e5 12. f5 Qb6 13. O-O dxc3 14. bxc3 c4+ 15. Kg2 cxb3 16. Rb1 Na5 17. Bd2 Bd7 18. Be1 Bxa4 19. Nc1 Nec6 20. Qd2 Ba3 21. c4 O-O-O 22. Bf2 Qc7 23. Qc3 Qe7 24. Bb6 Qb4 25. Qxb4 Bxb4 26. Bxd8 Rxd8 27. Rf2 Bc5 28. Rd2 Nd4 29. Ra1 Nxf3 30. Kxf3 Nxc4 31. Re2 b2 32. Rb1 bxc1=Q 33. Rxc1 Rxd3+ 34. Kg2 b5 0-1

[Event "4. Open. Int. (tot.)"]
[Site "Padova  Fornace Carotta"]
[Date "2000.12.16"]
[Round "3.34"]
[White "Trimboli, Carlo"]
[Black "Fabiano, Manuel"]
[Result "1-0"]
[WhiteElo "1449"]
[BlackElo "1500"]
[Annotator "Gabriele Ballarin"]
[PlyCount "39"]
[EventDate "2001.12.15"]
[EventType "swiss"]
[EventRounds "6"]
[EventCountry "ITA"]

1. e4 e6 2. d4 d5 3. exd5 exd5 4. Bd3 Nf6 5. h3 Bd6 6. Nf3 O-O 7. O-O b6 8. Bg5 Ba6 9. Bxa6 Nxa6 10. Nc3 c6 11. Ne5 Nb8 12. Qf3 Be7 13. Rae1 h6 14. Bh4 Nh7 15. Bxe7 Qxe7 16. Ng6 Qd6 17. Nxf8 Kxf8 18. Qf5 g6 19. Qc8+ Kg7 20. Qb7 1-0

[Event "4. Open. Int. (tot.)"]
[Site "Padova  Fornace Carotta"]
[Date "2001.12.16"]
[Round "3.35"]
[White "Franz, Paolo"]
[Black "Nardin, Loris"]
[Result "0-1"]
[WhiteElo "1500"]
[BlackElo "1329"]
[Annotator "Gabriele Ballarin"]
[PlyCount "81"]
[EventDate "2001.12.15"]
[EventType "swiss"]
[EventRounds "6"]
[EventCountry "ITA"]

{[%evp 0,78,19,38,75,76,57,83,74,74,74,39,61,53,84,40,32,51,74,20,20,8,-7,-5,65,-21,63,-2,38,15,61,24,38,20,22,30,28,16,81,63,60,60,60,39,12,18,71,58,69,111,124,78,82,114,173,114,115,137,133,135,135,29,31,31,73,-32,-22,-22,-22,-29,-22,-25,-18,-71,-57,-115,-128,-134,-80,-135,-135]} 1. e4 d6 2. d4 Nf6 3. Nc3 g6 4. Nf3 Bg7 5. Bc4 O-O 6. O-O c6 7. Re1 b5 8. Bb3 a5 9. a4 b4 10. Nb1 Nbd7 11. c3 c5 12. Bg5 Qc7 13. Nbd2 e5 14. Rc1 Ba6 15. Bc4 Rfb8 16. Qe2 bxc3 17. bxc3 Bc8 18. Rb1 Ra7 19. Rxb8 Qxb8 20. Rb1 Rb7 21. Rxb7 Bxb7 22. d5 Nh5 23. Bb5 Ndf6 24. Nc4 Qc7 25. g3 Bc8 26. Nfd2 Bd7 27. Na3 h6 28. Bxf6 Bxf6 29. Bxd7 Qxd7 30. Ndc4 Qxa4 31. Qc2 Qd7 32. Qe2 Bd8 33. f3 Nf6 34. Ne3 Qa4 35. Qb2 Nd7 36. Nec2 Bb6 37. Qb5 c4+ 38. Kg2 Qxb5 39. Nxb5 Bc5 40. Nca3 Nb6 41. Kf1 0-1

[Event "4. Open. Int. (tot.)"]
[Site "Padova  Fornace Carotta"]
[Date "2001.12.22"]
[Round "4.1"]
[White "Dervishi, Erald"]
[Black "Sinato, Fabrizio"]
[Result "1-0"]
[WhiteElo "2501"]
[BlackElo "1728"]
[Annotator "Gabriele Ballarin"]
[PlyCount "60"]
[EventDate "2001.12.15"]
[EventType "swiss"]
[EventRounds "6"]
[EventCountry "ITA"]

1. e4 c5 2. Nf3 d6 3. d4 cxd4 4. Nxd4 Nf6 5. Nc3 a6 6. Be2 e5 7. Nb3 Be6 8. O-O Nbd7 9. a4 Be7 10. Kh1 O-O 11. Be3 Rc8 12. f3 Rc6 13. Rf2 Nh5 14. Bf1 Bg5 15. Bxg5 Qxg5 16. Qd2 Qh4 17. Kg1 f5 18. Na5 Rb6 19. Bc4 Bxc4 20. Nxc4 Rc6 21. Nxd6 g6 22. Qd5+ Kg7 23. Nxb7 Rc7 24. Nc5 Kh6 25. Ne6 Ndf6 26. Qd2+ f4 27. Nxc7 Ng3 28. hxg3 Qxg3 29. Ne2 Qh4 30. g3 Qg5 1-0

[Event "4. Open. Int. (tot.)"]
[Site "Padova  Fornace Carotta"]
[Date "2001.12.22"]
[Round "4.3"]
[White "De Bortoli, Peter"]
[Black "Ungaro, Olindo"]
[Result "1-0"]
[WhiteElo "2127"]
[BlackElo "1800"]
[Annotator "Gabriele Ballarin"]
[PlyCount "74"]
[EventDate "2001.12.15"]
[EventType "swiss"]
[EventRounds "6"]
[EventCountry "ITA"]

1. d4 Nf6 2. Nf3 d5 3. Nbd2 c6 4. Ne5 Bf5 5. e3 e6 6. g4 Bg6 7. h4 Ne4 8. h5 f6 9. hxg6 fxe5 10. dxe5 Nxd2 11. Bxd2 h6 12. Rh5 Be7 13. Qe2 Nd7 14. Bg2 Qc7 15. f4 O-O-O 16. O-O-O Rhe8 17. Kb1 Nc5 18. Bc1 Qb6 19. c3 a5 20. Rhh1 Bf8 21. Qc2 a4 22. Rd4 Qc7 23. c4 a3 24. b3 Na6 25. cxd5 exd5 26. Ra4 Qb6 27. Rd1 Kb8 28. Bf1 Nc5 29. Rxa3 Ne4 30. Ra4 Bb4 31. Bb2 Bc5 32. Bd3 Bxe3 33. Bxe4 dxe4 34. Rxe4 Rxd1+ 35. Qxd1 Rd8 36. Qe2 Bd2 37. e6 Bb4 1-0

[Event "4. Open. Int. (tot.)"]
[Site "Padova  Fornace Carotta"]
[Date "2001.12.22"]
[Round "4.4"]
[White "Viaggi, Stefano"]
[Black "Caruso, Augusto"]
[Result "0-1"]
[WhiteElo "1764"]
[BlackElo "2270"]
[Annotator "Gabriele Ballarin"]
[PlyCount "84"]
[EventDate "2001.12.15"]
[EventType "swiss"]
[EventRounds "6"]
[EventCountry "ITA"]

1. Nf3 Nc6 2. d4 d5 3. Bf4 Bg4 4. Nbd2 e6 5. c3 Nf6 6. h3 Bh5 7. Ne5 Nxe5 8. dxe5 Nd7 9. g4 g5 10. Bg3 Bg6 11. Qa4 c6 12. Bg2 b5 13. Qd1 Qc7 14. Nf3 Be4 15. O-O Bxf3 16. exf3 Bg7 17. Qd2 h6 18. a4 Bxe5 19. Bxe5 Qxe5 20. axb5 cxb5 21. Rfe1 Qd6 22. Rxa7 Rxa7 23. Qd4 O-O 24. Qxa7 Ne5 25. Bf1 Rb8 26. b4 Nc4 27. Rc1 Nb2 28. Qd4 e5 29. Qd2 Nc4 30. Bxc4 bxc4 31. Qb2 Rc8 32. b5 Rb8 33. Rb1 d4 34. b6 Rb7 35. Qb4 Qc6 36. Ra1 Rxb6 37. Ra8+ Qxa8 38. Qxb6 Qd5 39. Qxh6 Qd8 40. Qc6 d3 41. Qa4 d2 42. Qd1 Qd3 0-1

[Event "4. Open. Int. (tot.)"]
[Site "Padova  Fornace Carotta"]
[Date "2001.12.22"]
[Round "4.11"]
[White "Baracchi, Leonardo"]
[Black "Carini, Massimo"]
[Result "0-1"]
[WhiteElo "1497"]
[BlackElo "1872"]
[Annotator "Gabriele Ballarin"]
[PlyCount "53"]
[EventDate "2001.12.15"]
[EventType "swiss"]
[EventRounds "6"]
[EventCountry "ITA"]

1. e4 d6 2. d4 Nf6 3. Nc3 Nbd7 4. Bc4 e5 5. Nf3 Be7 6. Bg5 exd4 7. Nxd4 Ne5 8. Bb3 O-O 9. Qd2 c5 10. Nf3 c4 11. Nxe5 cxb3 12. Nc4 bxc2 13. Qxc2 Be6 14. Ne3 Ng4 15. Nxg4 Bxg5 16. Qe2 Rc8 17. O-O Bc4 18. Qf3 Bxf1 19. Kxf1 h5 20. Ne3 Bxe3 21. Qxe3 Rc5 22. Rd1 f5 23. b4 Re5 24. Qxa7 fxe4 25. Qxb7 Qh4 26. g3 Qxh2 27. Rxd6 0-1

[Event "4. Open. Int. (tot.)"]
[Site "Padova  Fornace Carotta"]
[Date "2001.12.22"]
[Round "4.12"]
[White "Meggiorin, Orlando"]
[Black "Roberti, Ignazio"]
[Result "0-1"]
[WhiteElo "1441"]
[BlackElo "1796"]
[Annotator "Gabriele Ballarin"]
[PlyCount "70"]
[EventDate "2001.12.15"]
[EventType "swiss"]
[EventRounds "6"]
[EventCountry "ITA"]

1. e4 d6 2. Nf3 g6 3. Nc3 Bg7 4. d4 Nf6 5. Be3 O-O 6. h3 c6 7. Qd2 Re8 8. Bc4 b5 9. Bb3 a5 10. a3 Bb7 11. e5 dxe5 12. Nxe5 e6 13. f3 b4 14. Na4 Na6 15. c3 bxc3 16. bxc3 Nd5 17. Bxd5 exd5 18. O-O c5 19. Nd3 c4 20. Ndc5 Nxc5 21. Nxc5 Bc8 22. Rab1 Ra7 23. Rb5 Rae7 24. Bf2 Re2 25. Qc1 Rxf2 26. Rxf2 Qh4 27. Kf1 Bh6 28. Qd1 Bxh3 29. Re2 Be3 30. Qe1 Qg5 31. Rbb2 Qh6 32. Rxe3 Rxe3 33. Qf2 Bf5 34. Na4 Qh1+ 35. Qg1 Re1+ 0-1

[Event "4. Open. Int. (tot.)"]
[Site "Padova  Fornace Carotta"]
[Date "2001.12.22"]
[Round "4.13"]
[White "Quaranta, Gaetano"]
[Black "Pechy, Alaster"]
[Result "0-1"]
[WhiteElo "1594"]
[BlackElo "1672"]
[Annotator "Gabriele Ballarin"]
[PlyCount "84"]
[EventDate "2001.12.15"]
[EventType "swiss"]
[EventRounds "6"]
[EventCountry "ITA"]

1. e4 c5 2. d4 cxd4 3. c3 dxc3 4. Nxc3 Nc6 5. Nf3 d6 6. Bc4 a6 7. O-O Nf6 8. e5 dxe5 9. Qxd8+ Nxd8 10. Nxe5 b5 11. Bd5 Bb7 12. Bb3 e6 13. Bg5 Be7 14. Rfd1 Nc6 15. Bxf6 gxf6 16. Nf3 Rg8 17. g3 Na5 18. Nd4 Nxb3 19. Nxb3 Rd8 20. Rxd8+ Bxd8 21. Nc5 Bc8 22. N3e4 Ke7 23. Rd1 Bc7 24. Rc1 Bb6 25. b4 f5 26. Nd2 f4 27. Nf3 fxg3 28. hxg3 Bb7 29. Ne5 Bxc5 30. bxc5 Bd5 31. c6 Rc8 32. c7 f6 33. Nd3 Kd6 34. Nb4 Rxc7 35. Rxc7 Kxc7 36. Nxa6+ Kb6 37. Nb4 Ka5 38. Nxd5 exd5 39. Kf1 Ka4 40. Ke2 Ka3 41. g4 Kxa2 42. f4 h6 0-1

[Event "4. Open. Int. (tot.)"]
[Site "Padova  Fornace Carotta"]
[Date "2001.12.22"]
[Round "4.14"]
[White "Stiz, Massimiliano"]
[Black "Bonetti, Carlo"]
[Result "1/2-1/2"]
[WhiteElo "1561"]
[BlackElo "1664"]
[Annotator "Gabriele Ballarin"]
[PlyCount "151"]
[EventDate "2001.12.15"]
[EventType "swiss"]
[EventRounds "6"]
[EventCountry "ITA"]

1. e4 e6 2. d3 d5 3. Nd2 Nf6 4. Ngf3 c5 5. g3 Nc6 6. Bg2 Be7 7. O-O O-O 8. e5 Nd7 9. Re1 Qc7 10. Qe2 Nd4 11. Nxd4 cxd4 12. Nb3 Bb4 13. Rf1 Qxe5 14. Qxe5 Nxe5 15. Nxd4 Nc6 16. Nb3 Bd6 17. c3 b6 18. Be3 Bb7 19. Rac1 Rfc8 20. a3 Ne7 21. Nd4 Ba6 22. Rfd1 Rc7 23. a4 Rac8 24. Nb5 Bxb5 25. axb5 Nf5 26. d4 Be7 27. Bf4 Bd6 28. Be3 Be7 29. Ra1 g5 30. Ra2 Rd7 31. Rda1 Rcc7 32. g4 Nd6 33. Bf1 Kg7 34. Bd3 Nc4 35. Kg2 h6 36. Kf3 Nd6 37. Ke2 f5 38. f3 Kf6 39. Bf2 Nc4 40. Bg3 f4 41. Bf2 Na5 42. h4 Kg7 43. Rh1 Bf6 44. Raa1 Nc4 45. Rab1 Re7 46. hxg5 Bxg5 47. Bxc4 dxc4 48. Kd2 Rcd7 49. Kc2 Rd5 50. Ra1 Rxb5 51. Ra4 Rc7 52. Re1 Kf7 53. Re5 Rxe5 54. dxe5 Kg6 55. Ra1 Rd7 56. Ra4 Rd3 57. Rxc4 Rxf3 58. Bd4 Rg3 59. Rc6 Rxg4 60. Rxe6+ Kf5 61. Re8 Rg2+ 62. Kb3 Bh4 63. e6 Rg6 64. e7 Ke6 65. Rf8 Bxe7 66. Rxf4 Bd6 67. Rh4 Be7 68. Rh5 Bg5 69. Rh1 Kd5 70. Ra1 a5 71. Rh1 Re6 72. Rh2 Bf6 73. Rxh6 Bxd4 74. Rxe6 Kxe6 75. cxd4 Kd5 76. Ka4 1/2-1/2

[Event "4. Open. Int. (tot.)"]
[Site "Padova  Fornace Carotta"]
[Date "2001.12.22"]
[Round "4.15"]
[White "Goi, Veronika"]
[Black "Giordan, Daniele"]
[Result "0-1"]
[WhiteElo "1675"]
[BlackElo "1425"]
[Annotator "Gabriele Ballarin"]
[PlyCount "74"]
[EventDate "2001.12.15"]
[EventType "swiss"]
[EventRounds "6"]
[EventCountry "ITA"]

1. d4 d5 2. Nf3 Nf6 3. Bf4 c6 4. Nbd2 Bg4 5. Ne5 Bh5 6. Qc1 e6 7. e3 Nbd7 8. Bd3 Bd6 9. h3 Qc7 10. Nxd7 Nxd7 11. Bxd6 Qxd6 12. c4 e5 13. cxd5 Qxd5 14. Be4 Qb5 15. Nc4 O-O 16. O-O exd4 17. Qc2 Nf6 18. Bd3 dxe3 19. Nxe3 Qb6 20. Rfe1 Bg6 21. Bxg6 hxg6 22. Nc4 Qc7 23. Ne5 Rad8 24. Qb3 Rd5 25. Qg3 Re8 26. f4 Nd7 27. Nc4 Rxe1+ 28. Rxe1 Rf5 29. Re8+ Nf8 30. Qa3 c5 31. g3 Qd7 32. Qe3 Rf6 33. Ra8 Re6 34. Ne5 Qd1+ 35. Kf2 f6 36. Qxc5 Qd6 37. Rxf8+ Qxf8 0-1

[Event "4. Open. Int. (tot.)"]
[Site "Padova  Fornace Carotta"]
[Date "2001.12.22"]
[Round "4.16"]
[White "Fracasso Pezzolato, Michele"]
[Black "Pomaro, Stefano"]
[Result "1-0"]
[WhiteElo "1585"]
[BlackElo "1713"]
[Annotator "Gabriele Ballarin"]
[PlyCount "73"]
[EventDate "2001.12.15"]
[EventType "swiss"]
[EventRounds "6"]
[EventCountry "ITA"]

1. e4 c6 2. d4 d5 3. e5 Bf5 4. Bd3 Bxd3 5. Qxd3 e6 6. Be3 Qb6 7. Nc3 Nd7 8. Nge2 c5 9. O-O c4 10. Qd2 Ne7 11. b3 Rc8 12. bxc4 Rxc4 13. Rab1 Qc6 14. Nb5 Nc8 15. Nbc3 Ncb6 16. f4 Bb4 17. Rxb4 Rxb4 18. f5 Nc4 19. Qd3 exf5 20. Rxf5 Nb2 21. Qd2 Nb6 22. Ne4 dxe4 23. Qxb4 Nd5 24. Qb3 O-O 25. Bc1 Nc4 26. Qg3 Qg6 27. Rg5 Qe6 28. Rxg7+ Kh8 29. Qh4 Qg6 30. Rxg6 fxg6 31. Nf4 Nxf4 32. Bxf4 e3 33. e6 e2 34. Kf2 Nd6 35. Kxe2 Nf5 36. Be5+ Kg8 37. Qe4 1-0

[Event "4. Open. Int. (tot.)"]
[Site "Padova  Fornace Carotta"]
[Date "2001.12.22"]
[Round "4.17"]
[White "Barbetta, Cosimo"]
[Black "Sanavio, Giancarlo"]
[Result "0-1"]
[WhiteElo "1540"]
[BlackElo "1702"]
[Annotator "Gabriele Ballarin"]
[PlyCount "90"]
[EventDate "2001.12.15"]
[EventType "swiss"]
[EventRounds "6"]
[EventCountry "ITA"]

1. e4 Nf6 2. d3 e5 3. Be2 d5 4. Bg5 dxe4 5. Bxf6 Qxf6 6. dxe4 Bc5 7. Nf3 Qg6 8. O-O Bh3 9. Nh4 Qxe4 10. Bf3 Qxh4 11. gxh3 Nc6 12. Bg4 O-O 13. c3 Kh8 14. b4 Bd6 15. Nd2 f5 16. Bf3 Qxh3 17. Bg2 Qxc3 18. a3 e4 19. Re1 Rad8 20. Ra2 Bf4 21. Re2 Nd4 22. Qe1 Nxe2+ 23. Qxe2 Rxd2 24. Rxd2 Qxd2 25. Qc4 e3 26. fxe3 Bxe3+ 27. Kh1 Qe1+ 28. Qf1 Qxf1+ 29. Bxf1 a6 30. a4 c6 31. Kg2 b5 32. Kf3 Bd2 33. axb5 cxb5 34. h4 Bxb4 35. h5 Rf6 36. Kf4 Bd2+ 37. Ke5 b4 38. Bc4 f4 39. Ke4 f3 40. Kd3 Bc3 41. Ke3 f2 42. h6 f1=Q 43. hxg7+ Kxg7 44. Bxf1 Rxf1 45. Ke2 Re1+ 0-1

[Event "4. Open. Int. (tot.)"]
[Site "Padova  Fornace Carotta"]
[Date "2001.12.22"]
[Round "4.18"]
[White "Marangoni, Simone"]
[Black "Musiani, Carlo"]
[Result "1-0"]
[WhiteElo "1633"]
[BlackElo "1576"]
[Annotator "Gabriele Ballarin"]
[PlyCount "83"]
[EventDate "2001.12.15"]
[EventType "swiss"]
[EventRounds "6"]
[EventCountry "ITA"]

1. c4 c5 2. Nc3 Nc6 3. Nf3 Nf6 4. g3 d6 5. Bg2 g6 6. O-O Bg7 7. d3 O-O 8. a3 a6 9. Bg5 Bd7 10. Rb1 Qc8 11. Bxf6 exf6 12. Nd5 Qd8 13. b4 Ne5 14. bxc5 dxc5 15. Nb6 Rb8 16. Nxd7 Qxd7 17. Rb6 Rfe8 18. Qc2 Nc6 19. Rfb1 Nd8 20. Rxa6 bxa6 21. Rxb8 Bf8 22. Rb6 Re6 23. Qb2 Qe7 24. e3 Bg7 25. Rxe6 Qxe6 26. Qb8 Qd7 27. Ne1 Bf8 28. Bd5 Ne6 29. Qb6 Qc8 30. Bb7 Qb8 31. Qxa6 Qe5 32. Bd5 Nc7 33. Qc6 Nxd5 34. cxd5 Qa1 35. Kf1 Qxa3 36. d6 Qa5 37. d7 Qd8 38. Nc2 g5 39. e4 Kg7 40. Ne3 h5 41. Nf5+ Kg8 42. Qc8 1-0

[Event "4. Open. Int. (tot.)"]
[Site "Padova  Fornace Carotta"]
[Date "2001.12.22"]
[Round "4.19"]
[White "Binder, Andrea"]
[Black "Calicchia, Giovanni"]
[Result "1-0"]
[WhiteElo "1600"]
[BlackElo "1600"]
[Annotator "Gabriele Ballarin"]
[PlyCount "93"]
[EventDate "2001.12.15"]
[EventType "swiss"]
[EventRounds "6"]
[EventCountry "ITA"]

1. Nf3 Nf6 2. c4 g6 3. b3 Bg7 4. Bb2 d6 5. g3 c6 6. Bg2 O-O 7. O-O e5 8. d3 Nbd7 9. Nc3 Rb8 10. Nd2 a6 11. Rc1 Nc5 12. b4 Ne6 13. e3 Bd7 14. a4 Ne8 15. Ba3 f5 16. Qb3 Kh8 17. b5 Nc5 18. Qc2 axb5 19. axb5 cxb5 20. Nxb5 Bxb5 21. cxb5 b6 22. Bb2 Nc7 23. Bc6 N7e6 24. Ra1 Rf7 25. Qc4 Re7 26. Ra2 h6 27. Rfa1 Kh7 28. Ra7 Rxa7 29. Rxa7 Nc7 30. Qf7 N5e6 31. d4 d5 32. dxe5 Qf8 33. Rxc7 Nxc7 34. Qxc7 Rc8 35. Qxb6 Qb4 36. Qd4 Qe7 37. f4 g5 38. Nf3 gxf4 39. exf4 Rd8 40. Qb6 Rg8 41. Bxd5 Rd8 42. Qc6 Qb4 43. Bc3 Qb1+ 44. Be1 Qd3 45. Bc4 Qe3+ 46. Kf1 Rd1 47. b6 1-0

[Event "4. Open. Int. (tot.)"]
[Site "Padova  Fornace Carotta"]
[Date "2001.12.22"]
[Round "4.20"]
[White "Chinello, Gianmarco"]
[Black "Arras, Antonio"]
[Result "1-0"]
[WhiteElo "1500"]
[BlackElo "1458"]
[Annotator "Gabriele Ballarin"]
[PlyCount "37"]
[EventDate "2001.12.15"]
[EventType "swiss"]
[EventRounds "6"]
[EventCountry "ITA"]

1. e4 e5 2. Nf3 Nf6 3. Nxe5 d6 4. Nf3 Nxe4 5. d3 Nf6 6. Be2 Be7 7. Nc3 b6 8. O-O Bb7 9. Nd4 d5 10. Re1 O-O 11. Bg5 c5 12. Nf5 d4 13. Nxe7+ Qxe7 14. Bf3 Bxf3 15. Qxf3 Qc7 16. Bxf6 gxf6 17. Nd5 Qd6 18. Ne7+ Kh8 19. Qxa8 1-0

[Event "4. Open. Int. (tot.)"]
[Site "Padova  Fornace Carotta"]
[Date "2001.12.22"]
[Round "4.21"]
[White "Fragni, Enrico"]
[Black "Zavagli, Massimo"]
[Result "0-1"]
[WhiteElo "1528"]
[BlackElo "1561"]
[Annotator "Gabriele Ballarin"]
[PlyCount "56"]
[EventDate "2001.12.15"]
[EventType "swiss"]
[EventRounds "6"]
[EventCountry "ITA"]

1. d4 Nf6 2. f3 g6 3. e4 d6 4. Be3 Bg7 5. Bd3 O-O 6. Ne2 e5 7. d5 Nbd7 8. Nd2 Nh5 9. Bf2 f5 10. exf5 gxf5 11. O-O Qg5 12. Nc4 Ndf6 13. Qd2 Qxd2 14. Nxd2 Nxd5 15. Bc4 Be6 16. Nc3 Ndf4 17. Be3 Bxc4 18. Nxc4 d5 19. Bxf4 Nxf4 20. Na5 d4 21. Nd1 b6 22. Nc6 Rfe8 23. g4 Re6 24. Nb4 c5 25. Na6 Rg6 26. Nf2 Rc8 27. Kh1 fxg4 28. fxg4 b5 0-1

[Event "4. Open. Int. (tot.)"]
[Site "Padova  Fornace Carotta"]
[Date "2001.12.22"]
[Round "4.22"]
[White "Colombo, Matteo"]
[Black "Benedetti, Maurizio"]
[Result "1-0"]
[WhiteElo "1500"]
[BlackElo "1500"]
[Annotator "Gabriele Ballarin"]
[PlyCount "65"]
[EventDate "2001.12.15"]
[EventType "swiss"]
[EventRounds "6"]
[EventCountry "ITA"]

1. e4 d6 2. d4 Nf6 3. Nc3 g6 4. f4 Bg7 5. Nf3 O-O 6. Be2 c5 7. O-O Nbd7 8. Be3 Ng4 9. Bf2 Nxf2 10. Rxf2 cxd4 11. Nxd4 Qb6 12. Nb3 Nc5 13. Nd5 Qd8 14. Nxc5 dxc5 15. c3 e6 16. Ne3 a6 17. Qc2 b5 18. Rd1 Qb6 19. Bf3 Bb7 20. Kh1 Rad8 21. Rfd2 Rxd2 22. Qxd2 Bf6 23. Ng4 Be7 24. Qd7 Bxe4 25. Qxe7 Bxf3 26. gxf3 Qb8 27. Qf6 h5 28. Ne5 Qa8 29. Rd7 Qe8 30. Nxg6 Kh7 31. Nxf8+ Qxf8 32. Rxf7+ Qxf7 33. Qxf7+ 1-0